Εισαγωγή στην τραπεζική χρηματοοικονομική διοικητική

Αποθηκεύτηκε σε:
Λεπτομέρειες βιβλιογραφικής εγγραφής
Κύριος συγγραφέας: Μελάς, Κώστας
Μορφή: Βιβλίο
Γλώσσα:Greek
Δημοσίευση: Αθήνα : Εξάντας, c2009.
Θέματα:
Ετικέτες: Προσθήκη ετικέτας
Δεν υπάρχουν, Καταχωρήστε ετικέτα πρώτοι!

MARC

LEADER 00000cam a2200000 i 4500
001 1/16578
008 111118s2009 gr | ||| |||| ||gre||
020 |a 9789602566664 
035 |l 10111402 
040 |a GR-MyUA  |b gre  |e AACR2 
041 0 |a gre 
082 0 |a 332.1  |2 (22) 
100 1 |a Μελάς, Κώστας. 
245 1 0 |a Εισαγωγή στην τραπεζική χρηματοοικονομική διοικητική /   |c Κώστας Μελάς.  
260 |a Αθήνα :   |b Εξάντας,   |c c2009.  
300 |a 441 σ. :   |b πίν., διάγρ. ;   |c 21 εκ.  
504 |a Βιβλιογραφία: σ. [435]-438.  
650 0 0 |a Banks and banking. 
650 0 0 |a Bank management. 
650 0 0 |a Risk management. 
650 0 0 |a Finance. 
650 0 0 |a Financial institutions  |x Management. 
852 |a INST  |b SAMOS  |e 20111118  |h 332.1 ΜΕΛ  |p 005300032334  |q 005300032334  |t BK  |y 23 
852 |a INST  |b SAMOS  |e 20111118  |h 332.1 ΜΕΛ  |p 005300032335  |q 005300032335  |t BK  |y 0 
852 |a INST  |b SAMOS  |e 20111118  |h 332.1 ΜΕΛ  |p 005300032336  |q 005300032336  |t BK  |y 0 
852 |a INST  |b SAMOS  |e 20111118  |h 332.1 ΜΕΛ  |p 005300032337  |q 005300032337  |t BK  |y 0 
852 |a INST  |b SAMOS  |e 20111118  |h 332.1 ΜΕΛ  |p 005300032338  |q 005300032338  |t BK  |y 0 
852 |a INST  |b SAMOS  |c EUDOXUS  |e 20150114  |h 332.1 ΜΕΛ  |p 005300041204  |q 005300041204  |t EDX  |y 0 
852 |a INST  |b SAMOS  |c EUDOXUS  |e 20150114  |h 332.1 ΜΕΛ  |p 005300041205  |q 005300041205  |t EDX  |y 0 
901 |a BIBL3-2015-1 
901 |a BIBL3-2011-3 
909 |a Σ  |b 185798 
909 |a Σ  |b 185799 
909 |a Σ  |b 171835 
909 |a Σ  |b 171836 
909 |a Σ  |b 171837 
909 |a Σ  |b 171838 
909 |a Σ  |b 171839 
920 |a ΕΥΔΟΞΟΣ  |b ΠΑΡΑΓΓΕΛΙΑ-ΤΣΑΧΜ  |y Σάμος  |z 2014-12 
970 |a ΚΟΣΙΕΡΗΣ  |b ΧΡΗΣΤΟΣ  |z 2011/11/18